Biokatalytická produkcia prírodných látok v hybridných systémoch

Uložené v:
Podrobná bibliografia
Hlavný autor: Kando, Róbert (Autor)
Ďalší autori: Markoš, Jozef (Vedúci práce)
Médium: Rukopis Kniha
Jazyk:Slovak
Vydavateľské údaje: 2019
Predmet:
On-line prístup:http://is.stuba.sk/zp/portal_zp.pl?podrobnosti=143079
Tagy: Pridať tag
Žiadne tagy, Buďte prvý, kto otaguje tento záznam!

MARC

LEADER 00000ntm a22000003a 4500
001 stuzp74223
003 SK-STU
005 20190601211126.0
007 ta
008 150427s2015----xo-----f-mn---000-0-slo-d
040 |a STU  |b slo 
041 0 |a slo 
100 1 |a Kando, Róbert  |u 046230  |k Z4  |4 aut  |U FCHPT Ústav chemického a environmentálneho inžinierstva  |T FCHPT Oddelenie chemického a biochemického inžinierstva  |X 76812  |U C6230  |Y 119  |7 76812 
242 0 1 |a Biocatalytic production of natural compounds in hybrid systems  |y eng 
245 1 0 |a Biokatalytická produkcia prírodných látok v hybridných systémoch 
260 |c 2019 
650 4 |a 2-fenyletanol  |2 slo 
650 4 |a separácia  |2 slo 
650 4 |a adsorpčne-desorpčný model  |2 slo 
650 4 |a Maxwell-Stefanova difúzna rovnica  |2 slo 
650 4 |a softvérová simulácia  |2 slo 
650 4 |a 2-phenylethanol  |2 eng 
650 4 |a separation  |2 eng 
650 4 |a adsorption-desorption model  |2 eng 
650 4 |a Maxwell-Stefan diffusion equation  |2 eng 
650 4 |a software simulation  |2 eng 
700 1 |a Markoš, Jozef  |u 046230  |k Z1  |4 ths  |U FCHPT Ústav chemického a environmentálneho inžinierstva  |T FCHPT Oddelenie chemického a biochemického inžinierstva  |X 3883  |U C6230  |Y 119  |7 A000003883 
856 4 |u http://is.stuba.sk/zp/portal_zp.pl?podrobnosti=143079